<?xml version="1.0" encoding="UTF-8"?><?xml-stylesheet type="text/xsl" href="static/style.xsl"?><OAI-PMH xmlns="http://www.openarchives.org/OAI/2.0/" xmlns:xsi="http://www.w3.org/2001/XMLSchema-instance" xsi:schemaLocation="http://www.openarchives.org/OAI/2.0/ http://www.openarchives.org/OAI/2.0/OAI-PMH.xsd"><responseDate>2026-04-28T06:12:37Z</responseDate><request verb="GetRecord" identifier="oai:riubu.ubu.es:10259/10889" metadataPrefix="marc">https://riubu.ubu.es/oai/request</request><GetRecord><record><header><identifier>oai:riubu.ubu.es:10259/10889</identifier><datestamp>2025-09-26T00:05:54Z</datestamp><setSpec>com_10259_5238</setSpec><setSpec>com_10259_5086</setSpec><setSpec>com_10259_2604</setSpec><setSpec>col_10259_6212</setSpec></header><metadata><record xmlns="http://www.loc.gov/MARC21/slim" xmlns:doc="http://www.lyncode.com/xoai" xmlns:xsi="http://www.w3.org/2001/XMLSchema-instance" xmlns:dcterms="http://purl.org/dc/terms/" xsi:schemaLocation="http://www.loc.gov/MARC21/slim http://www.loc.gov/standards/marcxml/schema/MARC21slim.xsd">
<leader>00925njm 22002777a 4500</leader>
<datafield tag="042" ind1=" " ind2=" ">
<subfield code="a">dc</subfield>
</datafield>
<datafield tag="720" ind1=" " ind2=" ">
<subfield code="a">Mesa Pérez, Enrique</subfield>
<subfield code="e">author</subfield>
</datafield>
<datafield tag="720" ind1=" " ind2=" ">
<subfield code="a">Mateo Márquez, Antonio Jesús</subfield>
<subfield code="e">author</subfield>
</datafield>
<datafield tag="720" ind1=" " ind2=" ">
<subfield code="a">Carrión Moneo, Elena</subfield>
<subfield code="e">author</subfield>
</datafield>
<datafield tag="720" ind1=" " ind2=" ">
<subfield code="a">Antonini Morales, Carla</subfield>
<subfield code="e">author</subfield>
</datafield>
<datafield tag="260" ind1=" " ind2=" ">
<subfield code="c">2025-06</subfield>
</datafield>
<datafield tag="520" ind1=" " ind2=" ">
<subfield code="a">Purpose:&#xd;
This paper aims to investigate the foundations of corporate water risk reporting boundaries from an enterprise risk management perspective. To be more precise, the authors take the case of the CDP Water Security Questionnaire (WSQ) and explore the evolution of questionnaire itself as well as current corporate water risk reporting practices.&#xd;
&#xd;
Design/methodology/approach:&#xd;
This paper draws upon enterprise risk management theory to explore the evolution of reporting boundaries contained in the design of the WSQ. This paper also performs an empirical study using the content analysis of a homogeneous sample of 470 companies comprising 1,880 responses to the WSQ for the period 2018–2021.&#xd;
&#xd;
Findings:&#xd;
The analysis shows that despite the tendency for the questionnaire’s design to focus on risk reporting and to align with other water reporting initiatives, both questions and responses remain severely limited. More precisely, evidence suggests that corporate water risk reporting is still strongly focused on direct impacts. Furthermore, the majority of water risk direct impacts are only recognized and are not subsequently assessed in the reports. Thus, the reports fail to provide the full picture of corporate water risk across global supply chains along with, arguably, a lack of discharge of corporate responsibility.&#xd;
&#xd;
Practical implications:&#xd;
Policymakers, corporations and academics may use these results to set out a future agenda for enhanced corporate water risk reporting.&#xd;
&#xd;
Social implications:&#xd;
The effective use of water resources is vital to human survival, but only a limited number of studies have addressed this problem. This paper focuses on this highly important issue and concludes that the definition of corporate water risk reporting boundaries is relevant to improvements in water security.&#xd;
&#xd;
Originality/value:&#xd;
To the best of the authors’ knowledge, this paper provides the first comprehensive assessment of corporate water risk reporting boundaries.</subfield>
</datafield>
<datafield tag="024" ind2=" " ind1="8">
<subfield code="a">2040-8021</subfield>
</datafield>
<datafield tag="024" ind2=" " ind1="8">
<subfield code="a">https://hdl.handle.net/10259/10889</subfield>
</datafield>
<datafield tag="024" ind2=" " ind1="8">
<subfield code="a">10.1108/SAMPJ-07-2023-0453</subfield>
</datafield>
<datafield tag="024" ind2=" " ind1="8">
<subfield code="a">2040-803X</subfield>
</datafield>
<datafield ind1=" " ind2=" " tag="653">
<subfield code="a">CDP Water Security Questionnaire</subfield>
</datafield>
<datafield ind1=" " ind2=" " tag="653">
<subfield code="a">Enterprise risk management</subfield>
</datafield>
<datafield ind1=" " ind2=" " tag="653">
<subfield code="a">Reporting boundaries</subfield>
</datafield>
<datafield ind1=" " ind2=" " tag="653">
<subfield code="a">Water security risk</subfield>
</datafield>
<datafield tag="245" ind1="0" ind2="0">
<subfield code="a">Corporate water risk reporting: the case of the CDP Water Security Questionnaire</subfield>
</datafield>
</record></metadata></record></GetRecord></OAI-PMH>